000 00197nam a2200097Ia 4500
008 240331s9999 xx 000 0 und d
082 _bMUR
100 _aMurukan,E
245 0 _aCycle muni
942 _cL
999 _c4669
_d4669